[Event "4NCL-9899B BR2-SL2"]
[Site "Rd2-Warwick"]
[Date "1998.10.25"]
[Round "2.7"]
[White "Buckley, David"]
[Black "Armstrong, Malcolm"]
[Result "1-0"]
[WhiteElo "2110"]
[BlackElo "1976"]
[PlyCount "57"]
[EventDate "1998.10.25"]

1. e4 c6 2. d4 d5 3. exd5 cxd5 4. c4 Nf6 5. Nc3 g6 6. Qb3 Bg7 7. cxd5 O-O 8.
Be2 Nbd7 9. Bf3 Nb6 10. Nge2 Bg4 11. Bxg4 Nxg4 12. O-O Qd7 13. Be3 Rad8 14.
Rac1 Nxe3 15. fxe3 Nxd5 16. Nxd5 Qxd5 17. Rc7 Qxb3 18. axb3 e5 19. Rd1 exd4 20.
Nxd4 f5 21. Rxg7+ Kxg7 22. Ne6+ Kf6 23. Nxd8 Ke7 24. Nxb7 Rb8 25. Nc5 Rb5 26.
Rd7+ Ke8 27. Rc7 Kd8 28. Ne6+ Ke8 29. Nd4 1-0

[Event "4NCL-9899B COU-WIT"]
[Site "Rd2-Warwick"]
[Date "1998.10.25"]
[Round "2.1"]
[White "Houska, Miroslav"]
[Black "Devereaux, Maxim"]
[Result "1-0"]
[WhiteElo "2370"]
[BlackElo "2264"]
[PlyCount "91"]
[EventDate "1998.10.25"]

1. d4 Nf6 2. c4 e6 3. Nc3 Bb4 4. e3 b6 5. Bd3 Bb7 6. f3 c5 7. a3 Bxc3+ 8. bxc3
d5 9. cxd5 Nxd5 10. Ne2 Nc6 11. e4 Nde7 12. Be3 cxd4 13. cxd4 O-O 14. O-O Na5
15. Qb1 Rc8 16. Qa2 Qd7 17. Rab1 Rfd8 18. Rfd1 Bc6 19. Rd2 Qe8 20. Nf4 Ng6 21.
Nh5 Qe7 22. Ng3 Bd7 23. Ne2 Rc7 24. Bf2 Bc6 25. Bg3 Rcc8 26. Be1 Bb7 27. Rdd1
Nc6 28. Bc3 Nb8 29. Ba1 Ba6 30. f4 Qb7 31. d5 exd5 32. f5 Ne7 33. f6 Ng6 34.
Bxa6 Qxa6 35. fxg7 Nc6 36. Ng3 Nce5 37. Nf5 Rc4 38. exd5 Qc8 39. Bxe5 Qxf5 40.
Qxc4 Nxe5 41. Qf1 Qg5 42. Rb3 Rd6 43. Rg3 Qh5 44. Rc1 Ng6 45. Rc7 Qxd5 46. Rd3
1-0

[Event "4NCL-9899B COU-WIT"]
[Site "Rd2-Warwick"]
[Date "1998.10.25"]
[Round "2.2"]
[White "Hunt, Adam"]
[Black "Harley, Andrew"]
[Result "1/2-1/2"]
[WhiteElo "2265"]
[BlackElo "2305"]
[PlyCount "42"]
[EventDate "1998.10.25"]

1. e4 e6 2. d4 d5 3. Nc3 Bb4 4. e5 c5 5. Bd2 Ne7 6. a3 Bxc3 7. Bxc3 Nbc6 8. Nf3
cxd4 9. Nxd4 Nxe5 10. Nxe6 Bxe6 11. Bxe5 O-O 12. Bd3 Nc6 13. Bg3 Qf6 14. Rb1
Bf5 15. O-O Qg6 16. Bxf5 Qxf5 17. Qd2 Rad8 18. Rfe1 d4 19. Rbd1 Rfe8 20. Rxe8+
Rxe8 21. Re1 Rxe1+ 1/2-1/2

[Event "4NCL-9899B COU-WIT"]
[Site "Rd2-Warwick"]
[Date "1998.10.25"]
[Round "2.3"]
[White "Wall, Tim"]
[Black "Cooksey, Paul"]
[Result "1/2-1/2"]
[WhiteElo "2370"]
[BlackElo "2220"]
[PlyCount "106"]
[EventDate "1998.10.25"]

1. b3 d5 2. Bb2 Nf6 3. e3 g6 4. f4 Bg7 5. Nf3 O-O 6. Be2 b6 7. O-O Bb7 8. Ne5
Nbd7 9. Bf3 Nxe5 10. Bxe5 Ne8 11. Bxg7 Nxg7 12. Qe2 c5 13. c4 Qd7 14. Nc3 e6
15. Rad1 Rac8 16. Qf2 Rfd8 17. d3 Qe7 18. e4 dxc4 19. dxc4 Rxd1 20. Bxd1 Rd8
21. Bc2 Rd7 22. Qe2 Qd8 23. Rd1 Rxd1+ 24. Qxd1 Qxd1+ 25. Bxd1 Ne8 26. Bc2 f6
27. Nb5 a6 28. Nc3 Bc6 29. Kf2 Kf8 30. e5 f5 31. a3 Nc7 32. b4 Ke7 33. g3 Kd7
34. Ke3 a5 35. Na4 Bxa4 36. Bxa4+ Ke7 37. bxa5 bxa5 38. Bc6 Na6 39. h3 Nb8 40.
Bb5 Kd8 41. Kf3 Kc7 42. Ke3 Nc6 43. g4 Nd4 44. Ba4 Kd8 45. Bd1 Ke7 46. Kf2 Kf7
47. Ke3 Ke7 48. Kf2 Kf7 49. Kg3 Kf8 50. Kf2 Kf7 51. Kg2 Ke7 52. Kf1 Kf7 53. Ke1
Kf8 1/2-1/2

[Event "4NCL-9899B COU-WIT"]
[Site "Rd2-Warwick"]
[Date "1998.10.25"]
[Round "2.4"]
[White "Haydon, Richard"]
[Black "Swanson, Stephen"]
[Result "0-1"]
[WhiteElo "2200"]
[BlackElo "2260"]
[PlyCount "66"]
[EventDate "1998.10.25"]

1. Nf3 Nf6 2. g3 d5 3. Bg2 Bf5 4. b3 e6 5. Bb2 h6 6. O-O Be7 7. d3 O-O 8. Nbd2
Bh7 9. c4 c6 10. a3 a5 11. Rc1 Nbd7 12. Rc2 Re8 13. Qa1 Bf8 14. Re1 Qb6 15.
cxd5 exd5 16. Bh3 Rad8 17. Nd4 c5 18. Nf5 d4 19. e3 Qa6 20. Nc4 b5 21. Nd2 Ne5
22. exd4 Nxd3 23. Rxe8 Rxe8 24. Nf3 c4 25. bxc4 bxc4 26. Ne5 Ne4 27. Ne3 Ng5
28. Bf5 Bxf5 29. Nxf5 Rxe5 30. dxe5 Nf3+ 31. Kh1 Nfe1 32. Ne3 Nxc2 33. Nxc2
Qb7+ 0-1

[Event "4NCL-9899B COU-WIT"]
[Site "Rd2-Warwick"]
[Date "1998.10.25"]
[Round "2.5"]
[White "Ledger, David"]
[Black "Rose, Matthew"]
[Result "1-0"]
[WhiteElo "2220"]
[BlackElo "2105"]
[PlyCount "101"]
[EventDate "1998.10.25"]

1. e4 c5 2. Nc3 Nc6 3. g3 g6 4. d3 Bg7 5. Be3 d6 6. Qd2 Rb8 7. Bg2 b5 8. Nge2
b4 9. Nd1 Nd4 10. O-O e6 11. Nc1 Qa5 12. c3 bxc3 13. bxc3 Nc6 14. Qc2 Nge7 15.
Nb3 Qc7 16. Nb2 Ba6 17. Rfe1 O-O 18. f4 e5 19. Rad1 f5 20. Nd2 Kh8 21. Nbc4 Na5
22. fxe5 Nxc4 23. Nxc4 dxe5 24. Qa4 Bb5 25. Qa5 Qxa5 26. Nxa5 Rfc8 27. c4 Ba4
28. Rb1 Rb6 29. Nb3 Bxb3 30. Rxb3 Rxb3 31. axb3 Bf8 32. Ra1 fxe4 33. Bxe4 Nf5
34. Bxf5 gxf5 35. Rxa7 Kg8 36. Kf2 Rb8 37. Rc7 Rxb3 38. Bxc5 Bxc5+ 39. Rxc5
Rxd3 40. Rxe5 Rd2+ 41. Re2 Rd4 42. Rc2 Kf7 43. Ke3 Re4+ 44. Kf3 Re6 45. c5 Rc6
46. Kf4 Kf6 47. h3 h6 48. h4 Ke6 49. Re2+ Kf6 50. Re5 Kg6 51. Rxf5 1-0

[Event "4NCL-9899B COU-WIT"]
[Site "Rd2-Warwick"]
[Date "1998.10.25"]
[Round "2.6"]
[White "Elliott, Sean"]
[Black "Rosen, Daniel"]
[Result "1/2-1/2"]
[WhiteElo "2032"]
[BlackElo "2235"]
[PlyCount "81"]
[EventDate "1998.10.25"]

1. e4 g6 2. d4 d6 3. Nc3 Bg7 4. f4 Nf6 5. Nf3 c5 6. dxc5 Qa5 7. Bd3 Qxc5 8. Qe2
Bg4 9. Be3 Qa5 10. O-O Nc6 11. Qe1 Bxf3 12. Rxf3 O-O 13. Kh1 a6 14. Qh4 Qh5 15.
Qxh5 Nxh5 16. g4 Nf6 17. h3 Rac8 18. Rb1 Nd7 19. Nd5 e6 20. Nb6 Nxb6 21. Bxb6
Bd4 22. Bxd4 Nxd4 23. Rf2 Rfd8 24. c3 Nc6 25. Bf1 d5 26. f5 exf5 27. exf5 d4
28. cxd4 Rxd4 29. fxg6 hxg6 30. Bg2 Nd8 31. Re1 Rc7 32. b3 Ne6 33. Ref1 Kg7 34.
Re1 Nf4 35. Bf1 g5 36. Re5 f6 37. Re1 Kg6 38. Kg1 Rcd7 39. Rc2 Rd1 40. Rxd1
Rxd1 41. Kf2 1/2-1/2

[Event "4NCL-9899B COU-WIT"]
[Site "Rd2-Warwick"]
[Date "1998.10.25"]
[Round "2.7"]
[White "Ledger, Stephen"]
[Black "Hannon, Mark"]
[Result "0-1"]
[WhiteElo "2175"]
[BlackElo "2032"]
[PlyCount "79"]
[EventDate "1998.10.25"]

1. d4 d5 2. Nf3 Nf6 3. Bf4 c5 4. c3 Qb6 5. Qb3 Nc6 6. e3 c4 7. Qxb6 axb6 8. Na3
e6 9. Nb5 Ra5 10. a4 Na7 11. Nc7+ Ke7 12. Na8 b5 13. Nb6 Nd7 14. Bc7 Ra6 15. a5
f6 16. b3 Nxb6 17. Bxb6 Bd7 18. Kd2 Kf7 19. Be2 Nc8 20. Bc5 Nd6 21. Bxd6 Bxd6
22. b4 Rha8 23. Rac1 Bc7 24. Rhd1 Ke7 25. Ke1 b6 26. axb6 Bxb6 27. Rd2 Ra3 28.
g3 Be8 29. Kf1 h6 30. h4 Bg6 31. Kg2 Be4 32. Kh2 Ra2 33. Rxa2 Rxa2 34. Re1 Rc2
35. Kg2 Rxc3 36. Ra1 Rb3 37. Ra6 Bc7 38. Ra7 Kd7 39. Kh3 Rb2 40. Bd1 0-1

[Event "4NCL-9899B COU-WIT"]
[Site "Rd2-Warwick"]
[Date "1998.10.25"]
[Round "2.8"]
[White "Smith, Lucy"]
[Black "Turvey, Syringa"]
[Result "1-0"]
[WhiteElo "1616"]
[BlackElo "1568"]
[PlyCount "63"]
[EventDate "1998.10.25"]

1. d4 Nf6 2. Bg5 c6 3. c3 d6 4. Nf3 Nbd7 5. Qc2 Qc7 6. e4 e5 7. Bd3 Be7 8. O-O
h6 9. Be3 Nb6 10. dxe5 dxe5 11. Bxb6 axb6 12. Nbd2 Nh5 13. g3 Bh3 14. Rfe1 Rd8
15. Nc4 g5 16. Bf1 g4 17. Bxh3 gxh3 18. Rad1 Bd6 19. Nxd6+ Rxd6 20. Rxd6 Qxd6
21. Rd1 Qe6 22. Qd3 Ke7 23. Nh4 Nf4 24. Nf5+ Kf6 25. gxf4 Rg8+ 26. Kf1 Qxa2 27.
Qd6+ Qe6 28. fxe5+ Kg5 29. Qd2+ Kh5 30. Qe2+ Kg6 31. Rd6 Ra8 32. Qg4+ 1-0

[Event "4NCL-9899B GUI-NID"]
[Site "Rd2-Warwick"]
[Date "1998.10.25"]
[Round "2.1"]
[White "Kinsman, Andrew"]
[Black "Morris, Gareth"]
[Result "1-0"]
[WhiteElo "2385"]
[BlackElo "2170"]
[PlyCount "59"]
[EventDate "1998.10.25"]

1. d4 Nf6 2. Nf3 c5 3. d5 d6 4. c4 g6 5. Nc3 Bg7 6. h3 O-O 7. e4 b5 8. cxb5 a6
9. a4 axb5 10. Bxb5 Ba6 11. Be3 Qa5 12. O-O Rc8 13. Ra3 Nfd7 14. Qc2 Nb6 15.
Bd2 N6d7 16. Rd1 c4 17. Ne2 Qb6 18. Be3 Qb7 19. Nfd4 Ne5 20. Nc3 Qc7 21. Qd2
Nbd7 22. Nc6 Nxc6 23. dxc6 Nf6 24. Nd5 Nxd5 25. exd5 c3 26. Qd3 Qa5 27. Bxa6
Qxa6 28. Qxa6 Rxa6 29. b4 c2 30. Rf1 1-0

[Event "4NCL-9899B GUI-NID"]
[Site "Rd2-Warwick"]
[Date "1998.10.25"]
[Round "2.2"]
[White "Musson, Adam"]
[Black "Povah, Nigel"]
[Result "0-1"]
[WhiteElo "2085"]
[BlackElo "2325"]
[PlyCount "58"]
[EventDate "1998.10.25"]

1. e4 d5 2. exd5 Nf6 3. d4 Bg4 4. Nf3 Qxd5 5. Be2 Nc6 6. O-O O-O-O 7. c4 Qh5 8.
Qa4 e5 9. d5 Nb8 10. Nc3 e4 11. Nb5 Rd6 12. Qa5 Na6 13. Nxa7+ Kd8 14. Nd4 Bxe2
15. Nxe2 Qxe2 16. Bf4 Qg4 17. Bg3 Nh5 18. Rfd1 Nxg3 19. hxg3 e3 20. Nc6+ bxc6
21. Qxa6 exf2+ 22. Kf1 c5 23. Qa8+ Qc8 24. Qa3 Rf6 25. d6 Bxd6 26. Qxc5 Qg4 27.
Qd5 Re8 28. Rd2 Rf5 29. Qc6 Qxg3 0-1

[Event "4NCL-9899B GUI-NID"]
[Site "Rd2-Warwick"]
[Date "1998.10.25"]
[Round "2.3"]
[White "Thompson, Ian"]
[Black "Fish, Andrew"]
[Result "1-0"]
[WhiteElo "2285"]
[BlackElo "2115"]
[PlyCount "87"]
[EventDate "1998.10.25"]

1. c4 Nf6 2. Nc3 g6 3. e4 d6 4. g3 c5 5. Bg2 Nc6 6. Nge2 Bg7 7. O-O O-O 8. a3
Be6 9. d3 Qd7 10. Rb1 Bh3 11. b4 b6 12. b5 Nd8 13. e5 Bxg2 14. exf6 Bxf1 15.
fxg7 Kxg7 16. Qxf1 f6 17. Qg2 Nf7 18. Nf4 Ne5 19. Qd5 Rg8 20. Be3 Rab8 21. Rd1
Qg4 22. h3 Qc8 23. Ne6+ Kh8 24. f4 Nd7 25. Re1 Nf8 26. Bd2 Nxe6 27. Rxe6 Qb7
28. Qc6 Rg7 29. Nd5 Rf7 30. Bc3 Kg8 31. a4 Kf8 32. g4 f5 33. g5 Qc8 34. Qxc8+
Rxc8 35. a5 Rb8 36. axb6 axb6 37. d4 Ke8 38. dxc5 bxc5 39. Bf6 Kd7 40. Rxe7+
Rxe7 41. Bxe7 Re8 42. Bf6 Re4 43. Kg2 Rxc4 44. Nb6+ 1-0

[Event "4NCL-9899B GUI-NID"]
[Site "Rd2-Warwick"]
[Date "1998.10.25"]
[Round "2.4"]
[White "Price, Chris"]
[Black "Anderton, Matthew"]
[Result "1-0"]
[WhiteElo "2115"]
[BlackElo "2260"]
[PlyCount "97"]
[EventDate "1998.10.25"]

1. Nf3 Nf6 2. d4 c5 3. e3 g6 4. c4 Bg7 5. b3 O-O 6. Bb2 b6 7. d5 d6 8. Be2 e6
9. dxe6 fxe6 10. Nbd2 Bb7 11. O-O Qe7 12. Qc2 Nc6 13. Rad1 Rad8 14. a3 a6 15.
Bc3 e5 16. Bd3 b5 17. cxb5 axb5 18. e4 b4 19. axb4 cxb4 20. Bb2 Rc8 21. Bc4+
Kh8 22. Rfe1 Nd7 23. Qd3 Nc5 24. Qe3 Na5 25. Bd5 Bxd5 26. exd5 Qf7 27. Ra1 Ra8
28. Bxe5 dxe5 29. Qxc5 Nb7 30. Qe3 Rxa1 31. Rxa1 e4 32. Ng5 Qxd5 33. Rf1 Bd4
34. Qg3 Be5 35. Qh4 Qd7 36. Ndxe4 Rf4 37. Qh6 Nd6 38. Nxd6 Bxd6 39. Rd1 Qe7 40.
g3 Rf5 41. h4 Rf8 42. Nxh7 Qxh7 43. Qxh7+ Kxh7 44. Rxd6 Rf3 45. Rb6 Rxb3 46.
Kg2 Rb1 47. Kf3 b3 48. Kg4 b2 49. Kg5 1-0

[Event "4NCL-9899B GUI-NID"]
[Site "Rd2-Warwick"]
[Date "1998.10.25"]
[Round "2.5"]
[White "James, Russell"]
[Black "Cleveland, Richard"]
[Result "1-0"]
[WhiteElo "2155"]
[BlackElo "2030"]
[PlyCount "79"]
[EventDate "1998.10.25"]

1. e4 Nc6 2. Nf3 d6 3. d4 Bg4 4. Be3 Nf6 5. Nc3 e6 6. Be2 Be7 7. h3 Bh5 8. O-O
O-O 9. Nd2 Bxe2 10. Qxe2 e5 11. d5 Nb4 12. Nc4 Nd7 13. a3 Na6 14. Na5 Qc8 15.
b4 f5 16. exf5 Rxf5 17. Ne4 c5 18. dxc6 bxc6 19. Qc4+ Kh8 20. Qe6 Nf6 21. Qxc8+
Rxc8 22. Ng3 Rf4 23. Bxf4 exf4 24. Nf5 Bf8 25. Rfe1 c5 26. b5 Nc7 27. c4 d5 28.
cxd5 Nxb5 29. a4 Nd4 30. Nxd4 cxd4 31. Nc6 Nxd5 32. Nxd4 Bb4 33. Re6 h6 34. Nc6
a5 35. Nxb4 axb4 36. Rb1 Rb8 37. Rb3 Nc3 38. a5 Na4 39. Re4 Ra8 40. Rexb4 1-0

[Event "4NCL-9899B GUI-NID"]
[Site "Rd2-Warwick"]
[Date "1998.10.25"]
[Round "2.6"]
[White "Davies, Chris"]
[Black "Taylor, Mark"]
[Result "1/2-1/2"]
[WhiteElo "1955"]
[BlackElo "2064"]
[PlyCount "81"]
[EventDate "1998.10.25"]

1. e4 e6 2. d4 d5 3. exd5 exd5 4. Bd3 Nc6 5. Nf3 Bd6 6. c3 Nge7 7. O-O Bg4 8.
Bg5 Qd7 9. b4 f6 10. Bh4 Nf5 11. Bg3 Nxg3 12. fxg3 O-O-O 13. Qa4 Kb8 14. Bb5 a6
15. Bxc6 Qxc6 16. Qxc6 bxc6 17. Nbd2 Rde8 18. Rae1 a5 19. a3 axb4 20. axb4 Bf5
21. Rxe8+ Rxe8 22. Re1 Rxe1+ 23. Nxe1 Kb7 24. Kf2 Kb6 25. Ke3 Kb5 26. Nd3 g5
27. Nb2 h5 28. Nf3 h4 29. Kf2 hxg3+ 30. hxg3 g4 31. Ng1 Bf8 32. Ne2 Bh6 33. Nf4
Be4 34. Kf1 Bf5 35. Kf2 Bg5 36. Kf1 Bh6 37. Kf2 Bg5 38. Kf1 Bh6 39. Kf2 Be4 40.
Kf1 Bf5 41. Kf2 1/2-1/2

[Event "4NCL-9899B GUI-NID"]
[Site "Rd2-Warwick"]
[Date "1998.10.25"]
[Round "2.7"]
[White "Punnett, Alan"]
[Black "Sinnett, Glyn"]
[Result "1/2-1/2"]
[WhiteElo "2140"]
[BlackElo "1865"]
[PlyCount "46"]
[EventDate "1998.10.25"]

1. d4 e6 2. e4 d5 3. Nc3 Bb4 4. e5 c5 5. a3 Bxc3+ 6. bxc3 Qc7 7. Qg4 f5 8. Qg3
cxd4 9. cxd4 Ne7 10. Bd2 O-O 11. Bd3 b6 12. Ne2 Ba6 13. Nf4 Qd7 14. Bxa6 Nxa6
15. Qd3 Nb8 16. O-O Rc8 17. Rfe1 Rc4 18. Re3 Nbc6 19. c3 Na5 20. Rh3 Nb3 21.
Rb1 Nxd2 22. Qxd2 Rac8 23. Rb4 R4c6 1/2-1/2

[Event "4NCL-9899B GUI-NID"]
[Site "Rd2-Warwick"]
[Date "1998.10.25"]
[Round "2.8"]
[White "Wilson, Julie"]
[Black "Ashby, Ann-Marie"]
[Result "0-1"]
[WhiteElo "1685"]
[BlackElo "2090"]
[PlyCount "70"]
[EventDate "1998.10.25"]

1. d4 e6 2. c4 Nf6 3. Nf3 b6 4. Bf4 Bb7 5. Nc3 d6 6. Qc2 Nbd7 7. e4 Be7 8. Bd3
h6 9. O-O-O Nh5 10. Be3 e5 11. dxe5 dxe5 12. Be2 Qc8 13. Nxe5 Nxe5 14. Bxh5 O-O
15. Nd5 Bd8 16. Bd4 Qe6 17. f4 Nc6 18. f5 Qe8 19. Be3 Qe5 20. Bf4 Bg5 21. Bxg5
hxg5 22. h4 Nd4 23. Rxd4 c6 24. Nxb6 axb6 25. Rd2 Rxa2 26. Qd3 Ra1+ 27. Kc2
Rxh1 28. Bf3 Rxh4 29. Qd7 Qb8 30. Rd6 c5 31. Qe7 Bxe4+ 32. Bxe4 Rxe4 33. Qd7
Rxc4+ 34. Kb3 b5 35. Rd3 Qa8 0-1

[Event "4NCL-9899B KH-GD"]
[Site "Rd2-Warwick"]
[Date "1998.10.25"]
[Round "2.1"]
[White "Thomas, Richard H"]
[Black "Varley, Peter"]
[Result "1/2-1/2"]
[WhiteElo "2295"]
[BlackElo "2290"]
[PlyCount "40"]
[EventDate "1998.10.25"]

1. c4 Nf6 2. Nc3 d5 3. d4 g6 4. Bf4 Bg7 5. e3 O-O 6. Nf3 c5 7. dxc5 Qa5 8. Rc1
dxc4 9. Bxc4 Na6 10. O-O Nxc5 11. Qe2 Be6 12. Rfd1 Rac8 13. Bxe6 Nxe6 14. Be5
Rfd8 15. Rxd8+ Qxd8 16. h3 Qa5 17. Rd1 Rd8 18. Rxd8+ Nxd8 19. Qb5 Qxb5 20. Nxb5
Nc6 1/2-1/2

[Event "4NCL-9899B KH-GD"]
[Site "Rd2-Warwick"]
[Date "1998.10.25"]
[Round "2.2"]
[White "Adams, Mark"]
[Black "O'Shaughnessy, Conor"]
[Result "0-1"]
[WhiteElo "2035"]
[BlackElo "2190"]
[PlyCount "64"]
[EventDate "1998.10.25"]

1. e4 c5 2. Nf3 d6 3. d4 cxd4 4. Qxd4 a6 5. Be3 Nf6 6. Nc3 e5 7. Qd2 Be6 8. a4
h6 9. h3 Nc6 10. Be2 g5 11. Nh2 d5 12. exd5 Nxd5 13. Nxd5 Qxd5 14. Qxd5 Bxd5
15. O-O f5 16. Bh5+ Bf7 17. Bxf7+ Kxf7 18. Rfd1 Ke6 19. f3 Be7 20. Nf1 Nb4 21.
Rd2 Rhd8 22. c4 Rxd2 23. Bxd2 Rd8 24. Bxb4 Bxb4 25. Kf2 Rd3 26. Ke2 e4 27. fxe4
fxe4 28. Rc1 Ke5 29. Rc2 Kd4 30. Rc1 a5 31. Rc2 h5 32. Rc1 b6 0-1

[Event "4NCL-9899B KH-GD"]
[Site "Rd2-Warwick"]
[Date "1998.10.25"]
[Round "2.3"]
[White "McMichael, Rick"]
[Black "Gilbert, Jon"]
[Result "1/2-1/2"]
[WhiteElo "2255"]
[BlackElo "2100"]
[PlyCount "38"]
[EventDate "1998.10.25"]

1. b3 b6 2. Bb2 Bb7 3. e3 e6 4. f4 f5 5. Nf3 Nf6 6. Be2 Be7 7. O-O O-O 8. Qe1
c5 9. d3 Na6 10. Nbd2 Nb4 11. Bd1 Nbd5 12. c4 Nb4 13. Qe2 d5 14. a3 Nc6 15. Bc2
Qd7 16. e4 d4 17. Rae1 Ng4 18. Bd1 Ne3 19. Rf2 Ng4 1/2-1/2

[Event "4NCL-9899B KH-GD"]
[Site "Rd2-Warwick"]
[Date "1998.10.25"]
[Round "2.4"]
[White "Fletcher, John"]
[Black "Mackenzie, Colin"]
[Result "0-1"]
[WhiteElo "2100"]
[BlackElo "2125"]
[PlyCount "52"]
[EventDate "1998.10.25"]

1. d4 e6 2. e4 d5 3. Nc3 Bb4 4. Nge2 dxe4 5. a3 Bxc3+ 6. Nxc3 Nc6 7. Bb5 Nge7
8. Qg4 O-O 9. Qxe4 Qxd4 10. Qf3 a6 11. Be3 Qe5 12. Bxc6 Nxc6 13. O-O-O Qa5 14.
Ne4 f5 15. Ng5 h6 16. h4 f4 17. Bd2 Qf5 18. Ne4 e5 19. Bc3 Be6 20. Nc5 Bf7 21.
Nxb7 Bg6 22. Qd5+ Kh7 23. Rd2 Nd4 24. Bxd4 exd4 25. Qxd4 Rab8 26. Qa7 Qb5 0-1

[Event "4NCL-9899B KH-GD"]
[Site "Rd2-Warwick"]
[Date "1998.10.25"]
[Round "2.5"]
[White "Ward, Julian"]
[Black "Brickman, Simon"]
[Result "1-0"]
[WhiteElo "2056"]
[BlackElo "1980"]
[PlyCount "43"]
[EventDate "1998.10.25"]

1. Nf3 d6 2. d4 Bg4 3. c4 c5 4. e3 g6 5. dxc5 Qa5+ 6. Bd2 Qxc5 7. Bc3 e5 8.
Nbd2 Nd7 9. b4 Qc7 10. Qb3 Be7 11. Rc1 Be6 12. Qb2 f6 13. Bd3 Nb6 14. c5 Na4
15. Bb5+ Bd7 16. Bxa4 Bxa4 17. cxd6 Bxd6 18. O-O Ne7 19. b5 O-O 20. Bb4 Qd7 21.
Bxd6 Qxd6 22. Rc4 1-0

[Event "4NCL-9899B KH-GD"]
[Site "Rd2-Warwick"]
[Date "1998.10.25"]
[Round "2.6"]
[White "Walden-Jones, Andrew"]
[Black "Compton, Alistair"]
[Result "1-0"]
[WhiteElo "1965"]
[BlackElo "2015"]
[PlyCount "54"]
[EventDate "1998.10.25"]

1. e4 e6 2. d4 d5 3. exd5 exd5 4. Nf3 Bd6 5. Be2 Nc6 6. O-O Nge7 7. b3 O-O 8.
c4 Ng6 9. cxd5 Nb4 10. Nc3 Bf4 11. Ba3 a5 12. Bc4 Bg4 13. Bxb4 axb4 14. Ne4 Re8
15. Qd3 Bf5 16. Rfe1 Qe7 17. Nfd2 Qd7 18. f3 Ne7 19. g3 Bh6 20. d6 Nc8 21. dxc7
Nd6 22. Rad1 Qxc7 23. d5 {(draw offer)} b5 24. Bxb5 Qb6+ 25. Kg2 Nxb5 26. Nc4
Rxa2+ 27. Kh1 Qd8 {
No further moves recorded on either scoresheet -loss on time or moves missing}
1-0

[Event "4NCL-9899B KH-GD"]
[Site "Rd2-Warwick"]
[Date "1998.10.25"]
[Round "2.7"]
[White "Shah, Arpi"]
[Black "Batey, Richard"]
[Result "1/2-1/2"]
[WhiteElo "2030"]
[BlackElo "2045"]
[PlyCount "52"]
[EventDate "1998.10.25"]

1. e4 e5 2. Bc4 Nf6 3. d3 Bc5 4. Nc3 Nc6 5. f4 d6 6. Nf3 Bg4 7. Na4 Bb6 8. Nxb6
axb6 9. c3 O-O 10. h3 Bxf3 11. Qxf3 exf4 12. Bxf4 Ne5 13. Bxe5 dxe5 14. O-O Qe7
15. Rf2 Ne8 16. Raf1 Nd6 17. Bb3 c5 18. Bd5 Rac8 19. Qd1 b5 20. Qg4 Rc7 21. h4
Kh8 22. h5 h6 23. Qd1 f6 24. Rf3 Nf7 25. Bxf7 Qxf7 26. Qb3 Qxb3 1/2-1/2

[Event "4NCL-9899B KH-GD"]
[Site "Rd2-Warwick"]
[Date "1998.10.25"]
[Round "2.8"]
[White "Gale, Helen"]
[Black "Gilfillan, Andrew"]
[Result "0-1"]
[WhiteElo "1445"]
[BlackElo "2032"]
[PlyCount "44"]
[EventDate "1998.10.25"]

1. e4 d5 2. exd5 Nf6 3. d4 Bg4 4. Be2 Bxe2 5. Nxe2 Qxd5 6. O-O Nc6 7. b3 O-O-O
8. c4 Qh5 9. d5 e6 10. Nbc3 exd5 11. Nxd5 Nxd5 12. cxd5 Rxd5 13. Qc2 Bd6 14.
Ng3 Nd4 15. Nxh5 Nxc2 16. Nf4 Bxf4 17. Bxf4 Nxa1 18. Rxa1 Rhd8 19. g3 Rd1+ 20.
Rxd1 Rxd1+ 21. Kg2 f6 22. Be3 Ra1 0-1

[Event "4NCL-9899B WR-IK2"]
[Site "Rd2-Warwick"]
[Date "1998.10.25"]
[Round "2.1"]
[White "Brown, Stuart C"]
[Black "Cooper, Andrew G"]
[Result "1-0"]
[WhiteElo "2376"]
[BlackElo "2145"]
[PlyCount "105"]
[EventDate "1998.10.25"]

1. f4 d5 2. Nf3 Nf6 3. e3 g6 4. b3 Bg7 5. Bb2 O-O 6. Be2 c5 7. O-O Nc6 8. Qe1
Bg4 9. Ne5 Bxe2 10. Nxc6 bxc6 11. Qxe2 Qd7 12. d3 Rfd8 13. Nd2 Ng4 14. Bxg7
Kxg7 15. e4 Nh6 16. Qf2 d4 17. Nc4 e6 18. Qd2 Qc7 19. Rae1 f6 20. Qa5 Qxa5 21.
Nxa5 Rdb8 22. h3 Nf7 23. g4 Rb5 24. Nc4 Rb7 25. e5 f5 26. Kf2 Nh6 27. Nd6 Re7
28. Kg3 Rf8 29. c3 dxc3 30. Rc1 Rd8 31. Rxc3 Nf7 32. gxf5 gxf5 33. Nc4 Red7 34.
Nb2 Kh6 35. Rxc5 Rg8+ 36. Kf2 Nd8 37. Rcc1 Kh5 38. Rg1 Rxg1 39. Rxg1 Kh4 40.
Kf3 c5 41. Ke3 Nc6 42. Na4 Rd5 43. Rc1 Kxh3 44. Rh1+ Kg2 45. Rxh7 Nb4 46. Rxa7
Rxd3+ 47. Ke2 Rd4 48. Rg7+ Kh3 49. Nxc5 Rxf4 50. Nxe6 Rg4 51. Kf3 Nd3 52. Rh7+
Rh4 53. Ng5+ 1-0

[Event "4NCL-9899B WR-IK2"]
[Site "Rd2-Warwick"]
[Date "1998.10.25"]
[Round "2.2"]
[White "Taylor, Martin"]
[Black "Potts, Alan"]
[Result "1/2-1/2"]
[WhiteElo "2130"]
[BlackElo "2270"]
[PlyCount "51"]
[EventDate "1998.10.25"]

1. c4 g6 2. g3 Bg7 3. Bg2 f5 4. Nc3 Nf6 5. Nf3 d6 6. d4 O-O 7. O-O Nc6 8. b3
Ne4 9. Bb2 Nxc3 10. Bxc3 Qe8 11. Qd2 e5 12. dxe5 dxe5 13. Qb2 Qe7 14. Rfe1 e4
15. Bxg7 Qxg7 16. Qxg7+ Kxg7 17. Nd2 Rd8 18. Nf1 Nb4 19. f3 Nc2 20. Red1 Be6
21. Rac1 Nd4 22. Kf2 exf3 23. Bxf3 Nxf3 24. exf3 a5 25. Ne3 c6 26. Rxd8 1/2-1/2

[Event "4NCL-9899B WR-IK2"]
[Site "Rd2-Warwick"]
[Date "1998.10.25"]
[Round "2.3"]
[White "Barrett, Stephen"]
[Black "Gurr, Lyndon"]
[Result "1-0"]
[WhiteElo "2239"]
[BlackElo "2119"]
[PlyCount "57"]
[EventDate "1998.10.25"]

1. d4 Nf6 2. c4 e6 3. Nc3 d5 4. cxd5 exd5 5. Bg5 Be7 6. Qc2 h6 7. Bh4 Na6 8. a3
c6 9. e3 Nc7 10. Bd3 O-O 11. Nf3 Re8 12. Ne5 Nd7 13. Bh7+ Kf8 14. Bg3 Ne6 15.
O-O Nxe5 16. dxe5 g6 17. Bxg6 fxg6 18. Qxg6 Ng7 19. e6 Nxe6 20. Be5 Qd7 21.
Qxh6+ Kg8 22. Qg6+ Kf8 23. f4 Bc5 24. Qh6+ Kg8 25. Rf3 Bf8 26. Qh8+ Kf7 27. Rg3
Rd8 28. f5 Nc5 29. Rg7+ 1-0

[Event "4NCL-9899B WR-IK2"]
[Site "Rd2-Warwick"]
[Date "1998.10.25"]
[Round "2.4"]
[White "Garner, David"]
[Black "Gayson, Peter"]
[Result "1/2-1/2"]
[WhiteElo "2090"]
[BlackElo "2250"]
[PlyCount "60"]
[EventDate "1998.10.25"]

1. e4 c5 2. c3 d5 3. exd5 Qxd5 4. d4 Nc6 5. Nf3 e6 6. Be3 cxd4 7. cxd4 Nf6 8.
Nc3 Qd8 9. Bc4 Be7 10. O-O O-O 11. Qe2 Nb4 12. Ne5 Nbd5 13. Rac1 Bd7 14. Rfd1
Rc8 15. Bg5 Bc6 16. Bxf6 Bxf6 17. Nxc6 Rxc6 18. Bxd5 exd5 19. Qf3 Re8 20. Nxd5
Bxd4 21. Rxc6 bxc6 22. Ne3 c5 23. Nf5 Qf6 24. Nxd4 Qxd4 25. b3 Qd2 26. g3 Qxa2
27. Qe3 Rf8 28. Qxc5 Qxb3 29. Ra1 g6 30. Qxa7 Rd8 1/2-1/2

[Event "4NCL-9899B WR-IK2"]
[Site "Rd2-Warwick"]
[Date "1998.10.25"]
[Round "2.5"]
[White "Burnett, James"]
[Black "Kissoon, Alvin"]
[Result "1-0"]
[WhiteElo "2104"]
[BlackElo "2115"]
[PlyCount "67"]
[EventDate "1998.10.25"]

1. Nf3 Nf6 2. g3 g6 3. Bg2 Bg7 4. O-O d6 5. d4 O-O 6. c4 Bf5 7. Nc3 Nc6 8. d5
Na5 9. Nd2 c5 10. e4 Bd7 11. Qc2 Qc8 12. b3 a6 13. Bb2 b5 14. Rae1 Ne8 15. Nd1
b4 16. f4 Bh3 17. e5 f6 18. e6 Bxg2 19. Kxg2 f5 20. g4 Bxb2 21. Qxb2 Ng7 22.
Ne3 Nb7 23. Nf3 h6 24. Kh1 Kh7 25. Rg1 Rf6 26. Nh4 Qh8 27. Qc2 fxg4 28. Nxg4
Rxf4 29. Nxg6 Qe8 30. Nxf4+ Kh8 31. Ng6+ Kh7 32. Nf8+ Kg8 33. Qh7+ Kxf8 34.
Qh8# 1-0